Gaming Quiz

Random Gaming or Anime Quiz

Yu-Gi-Oh: Types of Summons Quiz Stats

Quiz not verified by Sporcle

Challenge
Share
Tweet
Embed
Score 0/9 Timer 01:00
1 Play Today
Category Type % Correct
Type 1Normal Summon
95.1%
Type 3Special Summon
89.9%
Type 3Fusion Summon
87.8%
Type 3Synchro Summon
78.6%
Type 3Ritual Summon
78%
Type 3Xyz Summon
76.4%
Type 1Tribute Summon
65.1%
Type 3Pendulum Summon
62.3%
Type 2Flip Summon
53.7%

You're not logged in!

Compare scores with friends on all Sporcle quizzes.
Sign Up with Email
OR
Log In

You Might Also Like...

Show Comments

Extras

Top Quizzes Today


Score Distribution

Your Account Isn't Verified!

In order to create a playlist on Sporcle, you need to verify the email address you used during registration. Go to your Sporcle Settings to finish the process.